000 02203cab a2200301Ia 45 0
001 u200562
003 SIRSI
008 120604s2004 ua ss b eng d
040 _aEAL
041 _aeng
_bara
090 _aART ZJAR V31 No4A 6
100 1 _aBardisi, A.
240 1 0 _aZagazig journal of agricultural research, 2004 v. 31 (4A)
_h[electronic resource].
245 1 0 _aInfluence of vitamin c and salicylic acid foliar application on garlic plants under sandy soil conditions
_h[electronic resource]:
_b1.growth and plant chemical composition.
246 1 5 _aتاثير الرش بكل من فيتامين ج و حمض الساليسيلك علي نباتات الثوم تحت ظروف الارض الرملية:
_b1-النمو والمحتوى الكيماوى للنبات.
300 _aP. 1335-1347.
504 _aIncludes references.
520 _aThis experiment was carried out during winter seasons of 2001-2002 and 2002-2003 at EI-Kbattara Experimental Farm, Fac. Agric., Zagazig Univ., to study the effect of ascorbic acid (vit.C) and salicylic acid (SA) on growth, leaf pigments and nutrientuptake by garlic plants under sandy soil conditions Spraying garlic plants with vito C at 100 ppm or SA at 50 ppm recorded maximum values of plant height, while vito C at 100 or 200 ppm and SA at SO ppm recorded maximum values of Dumber of leaves/plant, diameter of both neck and bulb, total dry weight/plant and N, P and K uptake by leaves and bulb and N, P and K total uptake by plant. Foliar spray of garlic plants with ,vito C at 100 or 200 ppm or SA at 50 , 100 and 200 ppm increased concentration of chlorophyll a, b, total (a+b) as well as carotenoids in leaf tissues. Also, vito C at 100 or SA at SO ppm recorded maximum values of N, P and K uptake by roots.
546 _aSummary in Arabic.
650 0 _aSandy soils.
650 0 _aGarlic
_xGrowth.
650 0 _aAgricultural chemicals
_xFoliar application.
650 0 _aGarlic
_xComposition.
650 0 _aSalicylic acid.
773 0 _tZagazig Journal of Agricultural Research.
_g2004.v.31(4A)
_x1110-0338
_7nnas
_wu158356
856 4 0 _uhttp://nile.enal.sci.eg/EALE/2004/ZJAR/3104/4A/1335.pdf
_zFull Text Article.
596 _a1
942 _cAR
_2lcc
999 _c53034
_d53034